<?xml version="1.0" encoding="UTF-8"?>
<record
    xmlns:xsi="http://www.w3.org/2001/XMLSchema-instance"
    xsi:schemaLocation="http://www.loc.gov/MARC21/slim http://www.loc.gov/standards/marcxml/schema/MARC21slim.xsd"
    xmlns="http://www.loc.gov/MARC21/slim">

  <leader>02437    a2200217   4500</leader>
  <datafield tag="020" ind1=" " ind2=" ">
    <subfield code="a">0844224413</subfield>
  </datafield>
  <datafield tag="020" ind1=" " ind2=" ">
    <subfield code="a">9780844224411</subfield>
  </datafield>
  <datafield tag="082" ind1="0" ind2="4">
    <subfield code="a">658.8</subfield>
  </datafield>
  <datafield tag="090" ind1=" " ind2=" ">
    <subfield code="c">1868</subfield>
    <subfield code="d">1868</subfield>
  </datafield>
  <datafield tag="100" ind1="1" ind2=" ">
    <subfield code="a">Terrill, Craig.</subfield>
  </datafield>
  <datafield tag="245" ind1="1" ind2="0">
    <subfield code="a">Market leadership strategies for service companies :</subfield>
    <subfield code="b">creating growth, profits, and customer loyalty /</subfield>
    <subfield code="c">Craig Terrill.</subfield>
  </datafield>
  <datafield tag="250" ind1=" " ind2=" ">
    <subfield code="a">1st ed.</subfield>
  </datafield>
  <datafield tag="260" ind1=" " ind2=" ">
    <subfield code="a">[S.l.] :</subfield>
    <subfield code="b">McGraw-Hill,</subfield>
    <subfield code="c">1999.</subfield>
  </datafield>
  <datafield tag="300" ind1=" " ind2=" ">
    <subfield code="a">288 p. ;</subfield>
    <subfield code="c">24 cm.</subfield>
  </datafield>
  <datafield tag="500" ind1=" " ind2=" ">
    <subfield code="a">Hardcover.</subfield>
  </datafield>
  <datafield tag="520" ind1=" " ind2=" ">
    <subfield code="a">Market Leadership Strategies for Service Companies reveals the key strategies for creating and sustaining a market leadership position for any service business. Service industry experts Craig A. Terrill and Arthur G. Middlebrooks affirm that in order to become a dominant market leader, a service company must find ways to: Define their service business and the benefits customers receive Reveal the intangible aspects of the service experience Move in a different direction from competitors by addressing new, intense, and unmet customer needs Put people back into the equation, not just automate and reengineer to increase operational efficiency Find ways to move away from the parity battles (i.e., fights over the perceived equality of the same type of service from different companies) in their particular industry Offering a detailed, comprehensive plan, the authors employ examples drawn from a wide selection of recognizable service companies, such as Southwest Airlines, Dominos Pizza, Pizza Hut, Taco Bell, Fed Ex, Home Depot, IBM, Marriott Hotels, MiniMaids, and more. The result is a highly effective practitioner's guide that includes best practices and case studies. Praise for Market Leadership Strategies for Service Companies " The number one problem for every service firm today is differentiation. Craig Terrill and Art Middlebrooks challenge us to become market leaders by doing things differently in employee engagement and service innovation. This book is the bible for service industry executives who want to be change agents in their business and who seek practical solutions to achieving growth." -- J. Terrence Franke, principal, sales and marketing Hewitt Associates.</subfield>
  </datafield>
  <datafield tag="700" ind1="1" ind2=" ">
    <subfield code="a">Middlebrooks, Arthur.</subfield>
  </datafield>
  <datafield tag="856" ind1="4" ind2="0">
    <subfield code="3">Amazon.com</subfield>
    <subfield code="u">http://www.amazon.com/exec/obidos/ASIN/0844224413/chopaconline-20</subfield>
  </datafield>
  <datafield tag="856" ind1="4" ind2="0">
    <subfield code="3">Amazon customer reviews</subfield>
    <subfield code="u">http://www.chopac.org/cgi-bin/tools/azrev.pl?q=0844224413</subfield>
  </datafield>
  <datafield tag="942" ind1=" " ind2=" ">
    <subfield code="a">NBS</subfield>
    <subfield code="c">BK</subfield>
    <subfield code="k">658.8 MID</subfield>
  </datafield>
  <datafield tag="999" ind1=" " ind2=" ">
    <subfield code="c">344379</subfield>
    <subfield code="d">344379</subfield>
  </datafield>
  <datafield tag="952" ind1=" " ind2=" ">
    <subfield code="0">0</subfield>
    <subfield code="1">0</subfield>
    <subfield code="4">0</subfield>
    <subfield code="7">0</subfield>
    <subfield code="a">CL</subfield>
    <subfield code="b">CL</subfield>
    <subfield code="d">2013-08-28</subfield>
    <subfield code="l">0</subfield>
    <subfield code="o">658.8 MID</subfield>
    <subfield code="p">NBS5200</subfield>
    <subfield code="r">2013-08-28</subfield>
    <subfield code="w">2013-08-28</subfield>
    <subfield code="y">BK</subfield>
  </datafield>
</record>
